<?xml version="1.0" encoding="UTF-8"?>
<collection xmlns="http://www.loc.gov/MARC21/slim">
<record>
  <controlfield tag="001">5683</controlfield>
  <controlfield tag="005">20220215105825.0</controlfield>
  <datafield tag="037" ind1=" " ind2=" ">
    <subfield code="a">SEMIN-2022-0007</subfield>
  </datafield>
  <datafield tag="100" ind1=" " ind2=" ">
    <subfield code="a">Delouille, Veronique</subfield>
  </datafield>
  <datafield tag="245" ind1=" " ind2=" ">
    <subfield code="a">How virtual observatories facilitates good data management</subfield>
  </datafield>
  <datafield tag="260" ind1=" " ind2=" ">
    <subfield code="c">2021</subfield>
  </datafield>
  <datafield tag="269" ind1=" " ind2=" ">
    <subfield code="c">2021-06-24</subfield>
  </datafield>
  <datafield tag="500" ind1=" " ind2=" ">
    <subfield code="a">Slides are available internally at https://gitlab-as.oma.be/SIDC/DepartmentCoordination/datamanagementwg/-/wikis/DaMa-seminars</subfield>
  </datafield>
  <datafield tag="520" ind1=" " ind2=" ">
    <subfield code="a"> Appropriate data management facilitates knowledge discovery by   ensuring (meta)data are made as widely available as possible.  Funding agencies are therefore increasingly concerned with long term   data stewardship, including a.o. data access, preservation, and   reliability.   In this seminar, we present the FAIR  (Find-Access-Interoperate-Reuse) principles that may act as a guide   towards good data management. While the FAIR principles were defined   precisely in 2016, virtual observatories (VO) along with   international standards are being developed since over a decade.  We   will show how these VOs are inherently designed to meet the FAIR   principles, and we will introduce one VO standard for data access,   the Table Access Protocol (TAP). This protocol lies at the heart of   the VESPA  (Virtual European Solar and Planetary Access) VO, which   aims at facilitating data access and at connecting science tools from   different institutions. </subfield>
  </datafield>
  <datafield tag="594" ind1=" " ind2=" ">
    <subfield code="a">STCE</subfield>
  </datafield>
  <datafield tag="653" ind1="1" ind2=" ">
    <subfield code="a">data-management</subfield>
  </datafield>
  <datafield tag="653" ind1="1" ind2=" ">
    <subfield code="a">FAIR</subfield>
  </datafield>
  <datafield tag="653" ind1="1" ind2=" ">
    <subfield code="a">open-science</subfield>
  </datafield>
  <datafield tag="653" ind1="1" ind2=" ">
    <subfield code="a">Virtual-observatory</subfield>
  </datafield>
  <datafield tag="653" ind1="1" ind2=" ">
    <subfield code="a">TAP</subfield>
  </datafield>
  <datafield tag="773" ind1=" " ind2=" ">
    <subfield code="t">STCE </subfield>
  </datafield>
  <datafield tag="856" ind1="0" ind2=" ">
    <subfield code="f">veronique.delouille@observatoire.be</subfield>
  </datafield>
  <datafield tag="980" ind1=" " ind2=" ">
    <subfield code="a">SEMIN</subfield>
  </datafield>
</record>
</collection>